[Event "7eme open international de La Fere"]
[Site "La Fere (FRA)"]
[Date "2008.07.08"]
[Round "5.11"]
[White "Vorobyov, Yrij"]
[Black "Drenchev, Petar"]
[Result "0-1"]
[WhiteElo "2247"]
[BlackElo "2450"]
[PlyCount "94"]
[EventDate "2008.??.??"]

1. d4 Nf6 2. Nf3 e6 3. e3 g6 4. Bd3 Bg7 5. O-O O-O 6. e4 d6 7. c3 Nc6 8. Nbd2
e5 9. dxe5 dxe5 10. Nc4 Nh5 11. Bg5 f6 12. Be3 Be6 13. g3 Rf7 14. Be2 Rd7 15.
Qc2 Bf8 16. Rfd1 Ng7 17. Rxd7 Qxd7 18. Rd1 Qf7 19. b3 Ne8 20. Kg2 a6 21. h3 Kh8
22. Rd2 Nd6 23. Nxd6 cxd6 24. c4 Qd7 25. h4 Rc8 26. Qb2 Qg7 27. Rd1 Be7 28. Nd2
f5 29. Bf3 Rf8 30. Nb1 f4 31. Bb6 h5 32. Nc3 Rf7 33. Qd2 Qf8 34. Qd3 Nb4 35.
Qe2 fxg3 36. fxg3 Nxa2 37. Qxa2 Rxf3 38. Qd2 Bg4 39. Rb1 g5 40. Nd5 gxh4 41.
Nxe7 Rxg3+ 42. Kh2 Rh3+ 43. Kg1 Rg3+ 44. Kh2 Qxe7 45. Qh6+ Kg8 46. Rf1 Rh3+ 47.
Kg2 Qg7 0-1

[Event "7eme open international de La Fere"]
[Site "La Fere (FRA)"]
[Date "2008.07.08"]
[Round "5.13"]
[White "Piankov, Evgenij"]
[Black "Lauridsen, Jesper Morch"]
[Result "1-0"]
[WhiteElo "2337"]
[BlackElo "2262"]
[PlyCount "70"]
[EventDate "2008.??.??"]

1. d4 d5 2. Nf3 e6 3. Bf4 Bd6 4. Bg3 f5 5. e3 Nf6 6. c4 O-O 7. Nc3 Ne4 8. Qb3
Nxg3 9. hxg3 c6 10. Bd3 h6 11. Qc2 Na6 12. a3 Bd7 13. Nh4 Qf6 14. c5 Bc7 15. f4
b5 16. b4 Rae8 17. Nf3 Nb8 18. a4 a6 19. Ne5 Bxe5 20. dxe5 Qg6 21. Ne2 Kf7 22.
Kf2 Rc8 23. Rh4 Ke7 24. g4 Qf7 25. gxf5 exf5 26. Rah1 bxa4 27. Nd4 Be6 28. Rh5
g6 29. Rxh6 Rg8 30. Qxa4 Bd7 31. Bxa6 Nxa6 32. Qxa6 Rc7 33. Qb6 Rcc8 34. Qb7
Rce8 35. Rh7 Rg7 1-0

[Event "7eme open international de La Fere"]
[Site "La Fere (FRA)"]
[Date "2008.07.08"]
[Round "5.14"]
[White "Cappon, John"]
[Black "Chetverik, Maxim"]
[Result "0-1"]
[WhiteElo "2221"]
[BlackElo "2321"]
[PlyCount "94"]
[EventDate "2008.??.??"]

1. e4 Nf6 2. e5 Nd5 3. d4 d6 4. Nf3 g6 5. Bc4 Nb6 6. Bb3 Bg7 7. Ng5 d5 8. h3 a5
9. c3 f6 10. exf6 exf6 11. Qe2+ Qe7 12. Qxe7+ Kxe7 13. Nf3 Bf5 14. Na3 Be4 15.
Bd1 Re8 16. O-O Kd7 17. b3 Bf8 18. Nc2 a4 19. b4 Nc6 20. Ne3 Na7 21. Be2 c6 22.
Nd2 Nb5 23. Nxe4 Rxe4 24. Bd2 Bh6 25. Bd3 Bxe3 26. fxe3 Re6 27. Rf4 Nd6 28.
Raf1 f5 29. g4 fxg4 30. Be2 h5 31. hxg4 Nbc4 32. Bc1 h4 33. g5 Nxe3 34. Rf7+
Nxf7 35. Rxf7+ Kd6 36. b5 a3 37. Kf2 cxb5 38. Bxb5 Nd1+ 39. Kf3 Re4 40. Bf4+
Rxf4+ 41. Kxf4 Nxc3 42. Bd3 Nxa2 43. Rf6+ Kc7 44. Ke5 Re8+ 45. Kxd5 Nb4+ 46.
Kc4 Nxd3 47. Kxd3 a2 0-1

[Event "7eme open international de La Fere"]
[Site "La Fere (FRA)"]
[Date "2008.07.08"]
[Round "5.15"]
[White "Demanghon, Jonathan"]
[Black "Ringoir, Tanguy"]
[Result "1/2-1/2"]
[WhiteElo "2213"]
[BlackElo "2321"]
[PlyCount "104"]
[EventDate "2008.??.??"]

1. Nf3 c5 2. c4 g6 3. Nc3 Bg7 4. g3 Nc6 5. Bg2 e5 6. a3 a5 7. d3 Nge7 8. Bg5 f6
9. Be3 d6 10. O-O O-O 11. Ne1 Be6 12. Rb1 Rb8 13. Nc2 Qd7 14. Bd2 d5 15. cxd5
Nxd5 16. Nxd5 Bxd5 17. Bxd5+ Qxd5 18. b4 axb4 19. axb4 cxb4 20. Ne3 Qa2 21.
Bxb4 Rfe8 22. Nc4 b5 23. Rb2 Qa4 24. Bd6 Qxd1 25. Rxd1 bxc4 26. Bxb8 c3 27. Rb7
Rxb8 28. Rxb8+ Nxb8 29. Rc1 Kf7 30. Rxc3 Nd7 31. Rc6 f5 32. f3 Bf8 33. g4 Nf6
34. h3 Nd5 35. h4 Be7 36. h5 gxh5 37. gxf5 Nf4 38. e3 Nxd3 39. Rh6 Bg5 40.
Rxh7+ Kg8 41. Rxh5 Bxe3+ 42. Kf1 Bf4 43. Ke2 Nb4 44. Rh1 Kg7 45. Rb1 Nd5 46.
Rb8 Ne7 47. Rb6 Nxf5 48. Kd3 Nh6 49. Ke4 Nf7 50. Kf5 Nh6+ 51. Ke4 Ng8 52. Kf5
Ne7+ 1/2-1/2

[Event "7eme open international de La Fere"]
[Site "La Fere (FRA)"]
[Date "2008.07.08"]
[Round "5.16"]
[White "Defrance, Laurent"]
[Black "Van Kampen, Robin"]
[Result "1/2-1/2"]
[WhiteElo "2167"]
[BlackElo "2294"]
[PlyCount "103"]
[EventDate "2008.??.??"]

1. d4 d5 2. Nf3 Nf6 3. c4 c6 4. cxd5 cxd5 5. Nc3 a6 6. Bf4 Nc6 7. e3 Bg4 8. Be2
e6 9. O-O Be7 10. h3 Bxf3 11. Bxf3 O-O 12. Rc1 Rc8 13. Qd2 b5 14. a3 Qb6 15. b4
a5 16. Qd3 Na7 17. Be2 axb4 18. axb4 Rc4 19. Na2 Rfc8 20. Qb1 R4c6 21. Bd3 h6
22. Rxc6 Rxc6 23. Rc1 Nd7 24. Kf1 Qb7 25. Rxc6 Qxc6 26. Ke2 Nb6 27. Qb3 Nc4 28.
Bc2 Qa6 29. f3 Nc6 30. Bg3 Bf6 31. Bf2 e5 32. dxe5 Bxe5 33. Nc1 Qa1 34. Nd3 Bc3
35. Qb1 Qxb1 36. Bxb1 Nxb4 37. Nxb4 Bxb4 38. Bh4 g5 39. Bg3 Kg7 40. Kd3 Bc5 41.
e4 dxe4+ 42. Kxe4 Nd2+ 43. Kd5 Nxb1 44. Kxc5 Kf6 45. Kxb5 Nc3+ 46. Kc5 h5 47.
Kd6 Kg6 48. Ke5 f6+ 49. Ke6 Nd1 50. Be1 Ne3 51. g4 hxg4 52. hxg4 1/2-1/2

[Event "7eme open international de La Fere"]
[Site "La Fere (FRA)"]
[Date "2008.07.08"]
[Round "5.17"]
[White "Haast, Anne"]
[Black "Riff, Jean-Noel"]
[Result "0-1"]
[WhiteElo "2041"]
[BlackElo "2481"]
[PlyCount "68"]
[EventDate "2008.??.??"]

1. e4 c5 2. Nf3 d6 3. d4 Nf6 4. Nc3 cxd4 5. Nxd4 e6 6. g4 e5 7. Nf5 h5 8. gxh5
Bxf5 9. exf5 Rxh5 10. Bg2 Nc6 11. Qd3 Qd7 12. Be3 Rc8 13. O-O-O Be7 14. a3 Kf8
15. Nb5 Rd8 16. Nxa7 d5 17. c4 Nxa7 18. Bxa7 b5 19. Bb6 bxc4 20. Qe3 Rb8 21.
Bc5 Rb3 22. Bxe7+ Qxe7 23. Qe2 c3 24. Bxd5 Rxb2 25. Qa6 Rb8 26. Kc2 Qc5 27. Bf3
Qxf2+ 28. Be2 Kg8 29. Rb1 Rxb1 30. Kxb1 Rh3 31. Rd1 Rxh2 32. Qa8+ Kh7 33. Rd8
Qe1+ 34. Kc2 Qxe2+ 0-1

[Event "7eme open international de La Fere"]
[Site "La Fere (FRA)"]
[Date "2008.07.08"]
[Round "5.19"]
[White "Ben Porat, Zeev"]
[Black "Goldsztejn, Gildas"]
[Result "0-1"]
[WhiteElo "2008"]
[BlackElo "2374"]
[PlyCount "76"]
[EventDate "2008.??.??"]

1. e4 e5 2. Nc3 Nf6 3. Bc4 Nc6 4. d3 Na5 5. Nf3 d6 6. h3 c6 7. a3 Nxc4 8. dxc4
Be6 9. Qd3 h6 10. Be3 Qc7 11. O-O Be7 12. Nd2 Nd7 13. b4 O-O 14. g4 Rad8 15. f4
exf4 16. Bxf4 Ne5 17. Qe2 Ng6 18. Bg3 Bf6 19. Rxf6 gxf6 20. Nf3 a5 21. Rb1 axb4
22. axb4 Qb6+ 23. Bf2 Qa6 24. b5 Qa3 25. Qe1 d5 26. Ra1 Qd6 27. exd5 cxd5 28.
Rd1 Qf4 29. Kg2 Qxc4 30. Bd4 Rde8 31. Qd2 Kh7 32. Bxf6 Bxg4 33. hxg4 Qxg4+ 34.
Kf2 Nf4 35. Qxf4 Qxf4 36. Nxd5 Qf5 37. Bc3 Re6 38. Rg1 Rg8 0-1

[Event "7eme open international de La Fere"]
[Site "La Fere (FRA)"]
[Date "2008.07.08"]
[Round "5.20"]
[White "Le Goff, Damien"]
[Black "Waquet, Frederic"]
[Result "1-0"]
[WhiteElo "2261"]
[BlackElo "2004"]
[PlyCount "71"]
[EventDate "2008.??.??"]

1. e4 e6 2. d4 d5 3. Nc3 Bb4 4. e5 Ne7 5. a3 Bxc3+ 6. bxc3 c5 7. Qg4 Nf5 8. Nf3
h5 9. Qf4 Qa5 10. Bd2 c4 11. Nh4 Nc6 12. Nxf5 exf5 13. Be2 Qd8 14. Qg3 Kf8 15.
Bg5 Qa5 16. O-O Be6 17. a4 Ke8 18. Rfb1 Rb8 19. Rb5 Qc7 20. Bc1 f6 21. Ba3 fxe5
22. dxe5 Nxe5 23. Rc5 h4 24. Qe3 f4 25. Qxf4 g5 26. Qxg5 Nf7 27. Rxc7 Nxg5 28.
f4 Rh7 29. Rxh7 Nxh7 30. Re1 Kf7 31. Bh5+ Kf6 32. Bc5 Nf8 33. Bd4+ Kf5 34. g4+
hxg3 35. hxg3 Rd8 36. Be5 1-0

[Event "7eme open international de La Fere"]
[Site "La Fere (FRA)"]
[Date "2008.07.08"]
[Round "5.21"]
[White "Godart, Francois"]
[Black "Soyez, Cyril"]
[Result "1/2-1/2"]
[WhiteElo "1985"]
[BlackElo "2254"]
[PlyCount "93"]
[EventDate "2008.??.??"]

1. d4 c5 2. Nf3 Nf6 3. c4 cxd4 4. Nxd4 e5 5. Nb5 d5 6. cxd5 Bb4+ 7. Bd2 Bc5 8.
e3 O-O 9. Bc4 Nxd5 10. O-O Nb6 11. Bb3 Bf5 12. Bc2 e4 13. Bc3 Na6 14. Nd2 Qe7
15. a3 Nd5 16. Qh5 Nxc3 17. Nxc3 Bg6 18. Qe2 f5 19. b4 Bd6 20. Nc4 Bf7 21. Nxd6
Qxd6 22. Rfd1 Qc6 23. b5 Qxc3 24. bxa6 Bc4 25. Qd2 Qxd2 26. Rxd2 Bxa6 27. Bb3+
Kh8 28. Rd7 Rad8 29. Rad1 Rxd7 30. Rxd7 g6 31. h4 Rc8 32. Bd5 Rc1+ 33. Kh2 Rd1
34. Kg3 h5 35. Kf4 Bb5 36. Rd8+ Kg7 37. Rg8+ Kh7 38. Bf7 Rd7 39. Be6 Rd6 40.
Rb8 Rxe6 41. Rxb7+ Kh6 42. Rxb5 Ra6 43. Rb3 Ra5 44. Rc3 Rb5 45. Rc2 Rd5 46. a4
Ra5 47. Rc4 1/2-1/2

[Event "7eme open international de La Fere"]
[Site "La Fere (FRA)"]
[Date "2008.07.08"]
[Round "5.22"]
[White "Boudier, Eric"]
[Black "Forthofer, Robert"]
[Result "0-1"]
[WhiteElo "1898"]
[BlackElo "2243"]
[PlyCount "46"]
[EventDate "2008.??.??"]

1. e4 e6 2. Nc3 d5 3. Nf3 Nf6 4. e5 Nfd7 5. d4 c5 6. dxc5 Nc6 7. Bf4 Bxc5 8.
Bd3 f6 9. exf6 Nxf6 10. O-O O-O 11. Ne5 Bd7 12. Nxc6 Bxc6 13. Qe2 Qe7 14. Rae1
Rae8 15. Bg5 e5 16. Bb5 Qe6 17. Bxc6 bxc6 18. Na4 Bd6 19. Bh4 e4 20. Bxf6 Rxf6
21. h3 Ref8 22. Qg4 Qe5 23. Qg3 Qd4 0-1

[Event "7eme open international de La Fere"]
[Site "La Fere (FRA)"]
[Date "2008.07.08"]
[Round "5.23"]
[White "Dumas, Victor"]
[Black "Mulder, Bart-Piet"]
[Result "0-1"]
[WhiteElo "1756"]
[BlackElo "2219"]
[PlyCount "90"]
[EventDate "2008.??.??"]

1. e4 c6 2. d4 d5 3. Nc3 g6 4. Be3 Bg7 5. Nf3 Bg4 6. Be2 e6 7. Qd2 Ne7 8. O-O
O-O 9. h3 Bxf3 10. Bxf3 Nd7 11. Rfe1 Nb6 12. Be2 dxe4 13. Nxe4 Nf5 14. c3 Nd5
15. Bd3 Qc7 16. Qc2 Nfxe3 17. fxe3 Rae8 18. Rad1 f5 19. Nd2 e5 20. Nf1 e4 21.
Bc4 Kh8 22. Bxd5 cxd5 23. Qb3 Qf7 24. Rd2 g5 25. Rf2 f4 26. Nh2 Qd7 27. Qa3
fxe3 28. Rxf8+ Rxf8 29. Rxe3 Qf5 30. Re2 e3 31. Nf3 Qd3 32. Re1 Rxf3 33. gxf3
Qd2 34. Ra1 Qf2+ 35. Kh1 Qxf3+ 36. Kh2 Qf2+ 37. Kh1 Bf8 38. Qa4 Qf3+ 39. Kg1
Qg3+ 40. Kh1 Qxh3+ 41. Kg1 Bd6 42. Qc2 Bg3 43. Qg2 Bf2+ 44. Kf1 Qf5 45. Qh1
Be1+ 0-1

[Event "7eme open international de La Fere"]
[Site "La Fere (FRA)"]
[Date "2008.07.08"]
[Round "5.24"]
[White "Delorme, Laurie"]
[Black "Rigolot, Lucie"]
[Result "1-0"]
[WhiteElo "2155"]
[BlackElo "1709"]
[PlyCount "67"]
[EventDate "2008.??.??"]

1. d4 d5 2. c4 e6 3. Nf3 c6 4. g3 dxc4 5. Bg2 b5 6. O-O Nf6 7. a4 Bb7 8. Ne5
Qc8 9. b3 cxb3 10. Qxb3 b4 11. a5 Be7 12. Bd2 O-O 13. Bxb4 Bxb4 14. Qxb4 Nbd7
15. a6 Bxa6 16. Nxc6 Kh8 17. Ne7 Rb8 18. Qd6 Qc2 19. Qxa6 Rb6 20. Qxa7 h6 21.
Ra2 Qc4 22. d5 Rfb8 23. Nd2 Qc5 24. dxe6 fxe6 25. Ng6+ Kh7 26. Nf4 e5 27. Nd3
Qe7 28. Ne4 Nxe4 29. Bxe4+ Kh8 30. Ra5 Qd8 31. Nxe5 Nxe5 32. Rxe5 Qf6 33. Qe7
Qxe7 34. Rxe7 1-0

[Event "7eme open international de La Fere"]
[Site "La Fere (FRA)"]
[Date "2008.07.08"]
[Round "5.25"]
[White "Lepere, Corentin"]
[Black "Pijpers, Arthur"]
[Result "0-1"]
[WhiteElo "1640"]
[BlackElo "2150"]
[PlyCount "98"]
[EventDate "2008.??.??"]

1. c4 e5 2. a3 Nf6 3. g3 d5 4. Bg2 c6 5. b3 Bd6 6. Bb2 O-O 7. Nf3 Re8 8. O-O
Bg4 9. d4 e4 10. Ne5 Bf5 11. f4 exf3 12. exf3 dxc4 13. Nxc4 Nd5 14. Re1 Bc7 15.
Nc3 Be6 16. Rc1 Nd7 17. Rc2 b5 18. Ne5 Nxe5 19. Nxd5 Nxf3+ 20. Bxf3 cxd5 21.
Qc1 Bb6 22. Rce2 Qd7 23. Qf4 Bc7 24. Qe3 Rac8 25. Qd3 a6 26. Re3 Bd8 27. Qe2
Bg5 28. Re5 Bf6 29. Re3 Rf8 30. Kh1 g6 31. Qg2 Bh3 32. Qe2 Bf5 33. Qg2 Rc2 34.
R3e2 Rxe2 35. Rxe2 Bg4 36. Bxg4 Qxg4 37. Rf2 Bxd4 38. Bxd4 Qxd4 39. Rd2 Qa1+
40. Qg1 Qxg1+ 41. Kxg1 Rd8 42. Kf2 d4 43. Kf3 d3 44. Ke4 f5+ 45. Ke3 Kf7 46.
Rxd3 Rxd3+ 47. Kxd3 Ke6 48. Kd4 g5 49. Kd3 Ke5 0-1

[Event "7eme open international de La Fere"]
[Site "La Fere (FRA)"]
[Date "2008.07.08"]
[Round "5.26"]
[White "Haast, Mark"]
[Black "Vereggen, Lars"]
[Result "1-0"]
[WhiteElo "2089"]
[BlackElo "1616"]
[PlyCount "95"]
[EventDate "2008.??.??"]

1. e4 c5 2. Nf3 d6 3. c3 Nf6 4. h3 Nc6 5. Bd3 g6 6. O-O Bg7 7. Bc2 d5 8. e5 Nd7
9. d4 cxd4 10. cxd4 Nb6 11. a3 O-O 12. Nc3 Be6 13. Ng5 Qd7 14. Nxe6 Qxe6 15. f4
f5 16. b4 Qd7 17. Qd3 e6 18. Bb3 Rfc8 19. Be3 a6 20. Kh1 Rc7 21. Ne2 Rac8 22.
Bd2 Na8 23. a4 Bf8 24. b5 axb5 25. Qxb5 Qf7 26. a5 Na7 27. Qd3 Kh8 28. Nc3 Bb4
29. Nxd5 exd5 30. Bxb4 Nc6 31. Bd6 Rd7 32. Rfc1 Nc7 33. Rc5 Na6 34. Rb5 Ne7 35.
Qf3 Nc6 36. Rxd5 Rcd8 37. Qc3 Qe8 38. Rb5 h6 39. d5 Na7 40. e6+ Rg7 41. Rxb7
Qg8 42. Be5 Nb5 43. Bxg7+ Kh7 44. Bf6+ Nbc7 45. Rxc7+ Nxc7 46. Qxc7+ Rd7 47.
Qxd7+ Qg7 48. Qxg7# 1-0

[Event "7eme open international de La Fere"]
[Site "La Fere (FRA)"]
[Date "2008.07.08"]
[Round "5.27"]
[White "Videnova, Iva"]
[Black "Poulain, Andre"]
[Result "1-0"]
[WhiteElo "2211"]
[BlackElo "1835"]
[PlyCount "79"]
[EventDate "2008.??.??"]

1. c4 e5 2. g3 Nf6 3. Bg2 Nc6 4. Nc3 g6 5. d3 Bg7 6. e4 d6 7. Nge2 Bd7 8. O-O
Qc8 9. Nd5 Nxd5 10. exd5 Ne7 11. d4 exd4 12. Nxd4 O-O 13. Re1 Re8 14. Be3 Nf5
15. Nxf5 Bxf5 16. Qd2 Bh3 17. Bh1 b6 18. Rac1 Qf5 19. b4 h5 20. c5 bxc5 21.
bxc5 Rab8 22. cxd6 cxd6 23. Bxa7 Rxe1+ 24. Qxe1 Rb2 25. a3 Qd7 26. Be3 Rb3 27.
Qa5 Rb2 28. Bg2 Bxg2 29. Kxg2 Qf5 30. Qd8+ Kh7 31. Qxd6 Bh6 32. Qc5 Bxe3 33.
Qxe3 Qxd5+ 34. Kg1 Rb3 35. Qe7 Kg7 36. h4 Qd4 37. Kg2 Qd5+ 38. Kh2 Rf3 39. Qe2
Rxa3 40. Qb2+ 1-0

[Event "7eme open international de La Fere"]
[Site "La Fere (FRA)"]
[Date "2008.07.08"]
[Round "5.28"]
[White "Thomas, Olivier"]
[Black "Casier, Fabrice"]
[Result "1/2-1/2"]
[WhiteElo "2105"]
[BlackElo "1831"]
[PlyCount "87"]
[EventDate "2008.??.??"]

1. e4 d5 2. exd5 Qxd5 3. Nc3 Qa5 4. Bc4 Nf6 5. d3 c6 6. Nge2 Bf5 7. Bd2 e6 8.
Ng3 Qe5+ 9. Nce2 Nbd7 10. Bc3 Qc5 11. Nxf5 Qxf5 12. Ng3 Qf4 13. Nh5 Nxh5 14.
Qxh5 Nf6 15. Qe2 Bc5 16. g3 Qf5 17. d4 Bb6 18. O-O-O O-O-O 19. Bd3 Qd5 20. Bc4
Qf5 21. f3 Ba5 22. Bxa5 Qxa5 23. Qe1 Qb6 24. c3 Rhe8 25. Qe2 Qc7 26. Rhe1 Nd5
27. f4 g6 28. Bb3 h5 29. Qe5 Rh8 30. Bxd5 cxd5 31. Qxc7+ Kxc7 32. h4 Rd6 33.
Kd2 b5 34. Ke3 Kd7 35. Ra1 Rb8 36. a3 a5 37. Rec1 Rdb6 38. b3 Rc8 39. Kd2 Kd6
40. Rc2 Rc7 41. Re1 Ra6 42. Rec1 Rac6 43. Kd3 Rc8 44. Kd2 1/2-1/2

[Event "7eme open international de La Fere"]
[Site "La Fere (FRA)"]
[Date "2008.07.08"]
[Round "5.29"]
[White "Godart, Michel"]
[Black "Lamerant, Olivier"]
[Result "0-1"]
[WhiteElo "1820"]
[BlackElo "2090"]
[PlyCount "36"]
[EventDate "2008.??.??"]

1. c4 e5 2. g3 c6 3. Bg2 Nf6 4. Nc3 Bb4 5. a3 Bxc3 6. bxc3 O-O 7. Nf3 Re8 8.
O-O d5 9. cxd5 cxd5 10. Qc2 Nc6 11. d4 e4 12. Nd2 Bf5 13. e3 Na5 14. Nb3 Nc4
15. Nd2 Rc8 16. Nxc4 Rxc4 17. f3 Qc8 18. fxe4 Bxe4 0-1

[Event "7eme open international de La Fere"]
[Site "La Fere (FRA)"]
[Date "2008.07.08"]
[Round "5.30"]
[White "Lecouteux, Guilhem"]
[Black "Belloc, Sidonie"]
[Result "1-0"]
[WhiteElo "2027"]
[BlackElo "1804"]
[PlyCount "43"]
[EventDate "2008.??.??"]

1. d4 d5 2. c4 c6 3. Nf3 Nf6 4. e3 e6 5. Bd3 Be7 6. b3 O-O 7. O-O b6 8. Bb2 Bb7
9. Qc2 h6 10. Nc3 c5 11. Ne5 dxc4 12. Bxc4 cxd4 13. Rad1 Qc7 14. exd4 Rd8 15.
Rfe1 Nd5 16. Qe2 Nxc3 17. Bxc3 b5 18. Nxf7 bxc4 19. Nxd8 Bxd8 20. Qxe6+ Kh8 21.
d5 Nd7 22. Qxh6+ 1-0

[Event "7eme open international de La Fere"]
[Site "La Fere (FRA)"]
[Date "2008.07.08"]
[Round "5.31"]
[White "Cozette, Michael"]
[Black "Vinckier, Delphine"]
[Result "0-1"]
[WhiteElo "2026"]
[BlackElo "1801"]
[PlyCount "84"]
[EventDate "2008.??.??"]

1. e4 e6 2. d4 d5 3. e5 c5 4. dxc5 Bxc5 5. Qg4 g6 6. Nf3 Qb6 7. Qg3 Ne7 8. Bd3
Nbc6 9. O-O Nb4 10. Nc3 Bd7 11. Bd2 Nxd3 12. cxd3 Nf5 13. Qf4 Qa6 14. g4 Ne7
15. b4 Bb6 16. a4 Qxd3 17. Ng5 O-O-O 18. Rfc1 Kb8 19. a5 Bd4 20. Nf3 Nc6 21. b5
g5 22. Qf6 Nb4 23. Ra4 Nc2 24. Rxc2 Bxf2+ 25. Kxf2 Qxc2 26. Rb4 Rc8 27. Ke2
Rhf8 28. Nd4 Qg6 29. Qf3 f5 30. Nc6+ Bxc6 31. bxc6 Rxc6 32. Nb5 Rd8 33. Nd6 Rc7
34. Qe3 f4 35. Qd4 a6 36. Qb6 Rdd7 37. Qxa6 Qh6 38. Qb5 Qxh2+ 39. Kd1 Qg1+ 40.
Be1 Qxg4+ 41. Qe2 Rc1+ 42. Kd2 Rc2+ 0-1

[Event "7eme open international de La Fere"]
[Site "La Fere (FRA)"]
[Date "2008.07.08"]
[Round "5.32"]
[White "Tenot, Fabrice"]
[Black "Jouneau, Quentin"]
[Result "0-1"]
[WhiteElo "1760"]
[BlackElo "1978"]
[PlyCount "98"]
[EventDate "2008.??.??"]

1. Nf3 Nf6 2. c4 c6 3. Nc3 d5 4. cxd5 cxd5 5. d4 Nc6 6. g3 Bf5 7. a3 e6 8. Bg2
Bd6 9. O-O a6 10. b3 O-O 11. Bb2 Rc8 12. e3 Qe7 13. Re1 Ne4 14. Nxe4 Bxe4 15.
Nd2 Bxg2 16. Kxg2 f5 17. Nf3 Rc7 18. Re2 Na7 19. a4 Rfc8 20. Rc1 Rxc1 21. Bxc1
Qc7 22. Bb2 h6 23. Nh4 Kh7 24. Qd3 Qb6 25. Nxf5 exf5 26. Qxf5+ Kh8 27. Qxd5 Qc6
28. Qxc6 Nxc6 29. Rc2 Ne7 30. Rxc8+ Nxc8 31. d5 Kg8 32. Kf3 Nb6 33. e4 Nd7 34.
Kg4 g6 35. f4 Nc5 36. e5 Bc7 37. e6 Ne4 38. Bd4 Kf8 39. b4 Ke7 40. Bc5+ Bd6 41.
Bd4 Bxb4 42. Kf3 Nf6 43. Bxf6+ Kxf6 44. Ke4 b5 45. axb5 axb5 46. g4 Bd6 47. f5
gxf5+ 48. gxf5 Bxh2 49. Kd4 Bd6 0-1

[Event "7eme open international de La Fere"]
[Site "La Fere (FRA)"]
[Date "2008.07.08"]
[Round "5.34"]
[White "Durot, Edwige"]
[Black "Molet, Asher"]
[Result "1-0"]
[WhiteElo "1793"]
[BlackElo "1950"]
[PlyCount "89"]
[EventDate "2008.??.??"]

1. e4 c5 2. Nf3 Nc6 3. Bb5 g6 4. O-O Bg7 5. Re1 e6 6. c3 a6 7. Bxc6 dxc6 8. e5
Ne7 9. c4 O-O 10. Nc3 Qd3 11. Qe2 Qxe2 12. Rxe2 Rd8 13. Na4 b5 14. cxb5 cxb5
15. Nxc5 Rb8 16. d4 Bb7 17. Bg5 Kf8 18. Rd2 h6 19. Bxe7+ Kxe7 20. Nxb7 Rxb7 21.
Rad1 Rc7 22. Kf1 Rd5 23. Ne1 Rcd7 24. Ke2 Rc7 25. Nc2 Rd8 26. Nb4 a5 27. Rc2
Rxc2+ 28. Nxc2 Rc8 29. Ne3 h5 30. Rd2 Rd8 31. Nc2 Rc8 32. Na3 b4 33. Rc2 Rxc2+
34. Nxc2 g5 35. Ne3 Kd7 36. Kd3 Kc6 37. b3 Kb5 38. Nc4 Bf8 39. Ke4 a4 40. Nd6+
Bxd6 41. exd6 Kc6 42. Ke5 a3 43. f3 Kd7 44. d5 exd5 45. Kxd5 1-0

[Event "7eme open international de La Fere"]
[Site "La Fere (FRA)"]
[Date "2008.07.08"]
[Round "5.35"]
[White "Gobeaut, Benjamin"]
[Black "Feryn, Benjamin"]
[Result "0-1"]
[WhiteElo "1732"]
[BlackElo "1918"]
[PlyCount "102"]
[EventDate "2008.??.??"]

1. d4 Nf6 2. Nf3 g6 3. c4 Bg7 4. Nc3 O-O 5. Bg5 d6 6. e3 c5 7. Be2 Nbd7 8. O-O
h6 9. Bh4 g5 10. Bg3 Nh5 11. Ne1 Nxg3 12. hxg3 cxd4 13. exd4 Qb6 14. b3 Qxd4
15. Qxd4 Bxd4 16. Rc1 Bxc3 17. Rxc3 Nc5 18. Bf3 Bf5 19. Re3 g4 20. Be2 Rfe8 21.
f3 gxf3 22. gxf3 a5 23. Nd3 a4 24. b4 Ne6 25. a3 Nd4 26. Nb2 Bh3 27. Rf2 Nf5
28. Rd3 Nxg3 29. Bd1 Bf5 30. Re3 Bg6 31. Bxa4 Nf5 32. Rc3 Rec8 33. Bd7 Rc7 34.
Bxf5 Bxf5 35. Rd2 Rac8 36. Rd5 Be6 37. Rd4 b5 38. a4 bxa4 39. Nxa4 Rxc4 40.
Rdxc4 Rxc4 41. Rxc4 Bxc4 42. Nb2 Bb5 43. Kg2 Kg7 44. f4 Kg6 45. Nd1 Kf5 46. Kg3
h5 47. Nc3 Bc6 48. b5 Bb7 49. b6 h4+ 50. Kxh4 Kxf4 51. Na2 e5 0-1

[Event "7eme open international de La Fere"]
[Site "La Fere (FRA)"]
[Date "2008.07.08"]
[Round "5.36"]
[White "Marchal, Chantal"]
[Black "Christophe, Jean-Francois"]
[Result "1-0"]
[WhiteElo "1878"]
[BlackElo "1780"]
[PlyCount "117"]
[EventDate "2008.??.??"]

1. e4 b6 2. d4 d5 3. Bd3 Bb7 4. e5 e6 5. Nf3 c5 6. c3 Nc6 7. a3 a6 8. O-O Nge7
9. Bg5 Qc7 10. Nbd2 Ng6 11. Rc1 c4 12. Bb1 Be7 13. Re1 h6 14. Bxe7 Ngxe7 15.
Nf1 Qd7 16. Ng3 g6 17. h3 Na5 18. Bc2 Qb5 19. Rb1 Qd7 20. Nh2 h5 21. Qd2 O-O-O
22. Qg5 h4 23. Ngf1 Rh5 24. Qd2 Rhh8 25. Ng4 Nf5 26. Nf6 Qe7 27. Nh2 Bc6 28.
Nhg4 Nb3 29. Qd1 Ba4 30. Bxb3 Bxb3 31. Qc1 a5 32. Nh2 b5 33. Nf3 Kb7 34. Qd2
Kc6 35. Rbc1 Rb8 36. Qg5 b4 37. axb4 axb4 38. Ra1 bxc3 39. bxc3 Ra8 40. Ng4
Rxa1 41. Rxa1 Qxg5 42. Nxg5 Rb8 43. Nxf7 Bc2 44. Rc1 Rb1 45. Rxb1 Bxb1 46. Kf1
Kb5 47. Ke1 Ka4 48. Ng5 Kb3 49. Kd2 Ng7 50. Ne3 Bd3 51. Nf3 Nh5 52. Nxh4 Nf4
53. Nf3 Be4 54. Ne1 Kb2 55. g3 Bb1 56. h4 Nd3 57. Nxd3+ Bxd3 58. g4 Kb3 59. Ng2
1-0

[Event "7eme open international de La Fere"]
[Site "La Fere (FRA)"]
[Date "2008.07.08"]
[Round "5.37"]
[White "Dutel, Francois"]
[Black "Rachenne, Romain"]
[Result "1-0"]
[WhiteElo "1871"]
[BlackElo "1736"]
[PlyCount "97"]
[EventDate "2008.??.??"]

1. d4 d5 2. Nf3 Nf6 3. e3 Bg4 4. Nbd2 Nbd7 5. h3 Bh5 6. c4 c6 7. Qb3 Qb6 8.
Qxb6 Nxb6 9. cxd5 Nbxd5 10. a3 e6 11. Bd3 Bd6 12. g4 Bg6 13. Bxg6 hxg6 14. e4
Nb4 15. axb4 Bxb4 16. e5 Nxg4 17. Ke2 c5 18. Ne4 cxd4 19. Bg5 Nh6 20. Nxd4 Nf5
21. Nb3 Rh5 22. Ra4 a5 23. Rha1 b6 24. Rxb4 Rxh3 25. Rxb6 Rxb3 26. Rxb3 Nd4+
27. Ke3 Nxb3 28. Rd1 a4 29. Nd6+ Kf8 30. Nc4 Nc5 31. Nb6 Rb8 32. Nd7+ Nxd7 33.
Rxd7 Ke8 34. Re7+ Kf8 35. Rd7 Ke8 36. Rd2 Rb3+ 37. Ke2 Rb8 38. Kd1 Rc8 39. Rd3
Kf8 40. Rc3 Ra8 41. Kc1 Kg8 42. Kb1 Ra5 43. f4 Rd5 44. Ka2 Rd4 45. Rc8+ Kh7 46.
Ra8 f6 47. exf6 gxf6 48. Bxf6 Rxf4 49. Rh8# 1-0

[Event "7eme open international de La Fere"]
[Site "La Fere (FRA)"]
[Date "2008.07.08"]
[Round "5.38"]
[White "Chevance, Gerard"]
[Black "Harnik, Cecilien"]
[Result "0-1"]
[WhiteElo "1690"]
[BlackElo "1871"]
[PlyCount "66"]
[EventDate "2008.??.??"]

1. d4 Nf6 2. Nf3 g6 3. g3 Bg7 4. Bg2 O-O 5. O-O d6 6. Re1 Ne8 7. e4 f5 8. e5
Nc6 9. d5 Nxe5 10. Qe2 Nxf3+ 11. Bxf3 Rf7 12. c4 Bd7 13. Nd2 Rb8 14. Rb1 a5 15.
b3 c6 16. Bb2 Nf6 17. h4 Qc7 18. Qe3 Re8 19. Qf4 e5 20. dxe6 Bxe6 21. Ba3 d5
22. Qxc7 Rxc7 23. cxd5 Bxd5 24. Bb2 Rce7 25. Rxe7 Rxe7 26. Bxf6 Bxf6 27. Bxd5+
cxd5 28. Rc1 Kf7 29. Nf3 d4 30. Kf1 d3 31. Rd1 Rd7 32. Nd2 Bc3 33. Nb1 Bb4 0-1

[Event "7eme open international de La Fere"]
[Site "La Fere (FRA)"]
[Date "2008.07.08"]
[Round "5.39"]
[White "Brelot, Loic"]
[Black "Brobecker, Alain"]
[Result "1/2-1/2"]
[WhiteElo "1848"]
[BlackElo "1758"]
[PlyCount "89"]
[EventDate "2008.??.??"]

1. d4 d6 2. Nf3 g6 3. e4 Nf6 4. Bd3 Bg7 5. O-O O-O 6. c3 Nc6 7. Bg5 e5 8. dxe5
Nxe5 9. Nxe5 dxe5 10. Qc2 Be6 11. Nd2 h6 12. Bh4 g5 13. Bg3 Nh5 14. Bc4 Qf6 15.
Qb3 Bxc4 16. Nxc4 Nxg3 17. hxg3 Qc6 18. Rfe1 Rad8 19. Qb4 Rd3 20. Ne3 Rfd8 21.
Nd5 Bf8 22. Qb3 Rd2 23. Re3 Kg7 24. Rf3 b6 25. Kf1 Qc5 26. Ke1 R8xd5 27. exd5
Qxd5 28. Qxd5 Rxd5 29. Rd1 Rxd1+ 30. Kxd1 f6 31. Rd3 Bd6 32. c4 Kf7 33. g4 Ke6
34. Rh3 Bf8 35. Ke2 Kf7 36. Kf3 Ke6 37. Ke4 a6 38. a3 a5 39. Rd3 Bc5 40. f3 Be7
41. Rd1 Bd6 42. Kd3 f5 43. gxf5+ Kxf5 44. Ke2 h5 45. Rh1 1/2-1/2